[Event "Voronezh op-B 23rd"]
[Site "Voronezh"]
[Date "2019.06.18"]
[Round "7"]
[White "Agadjanian, Sergey"]
[Black "Kuzmin, Vitaly"]
[Result "1-0"]
[WhiteElo "1919"]
[BlackElo "1700"]
[PlyCount "113"]
[EventDate "2019.06.12"]
[EventType "swiss"]
[EventRounds "9"]
[EventCountry "RUS"]
[SourceTitle "EXT 2020"]
[Source "ChessBase"]
[SourceDate "2019.10.17"]
[SourceVersion "1"]
[SourceVersionDate "2019.10.17"]
[SourceQuality "1"]

1. Nf3 d5 2. g3 Nf6 3. Bg2 c6 4. 0-0 Bf5 5. d3 h6 6. Re1 e6 7. Nbd2 Be7 8. e4 dxe4 9. dxe4 Nxe4 10. Ne5 Nxd2 11. Bxd2 0-0 12. c3 Nd7 13. Bf4 Nxe5 14. Bxe5 Qxd1 15. Raxd1 Rfd8 16. Bc7 Rxd1 17. Rxd1 Kf8 18. Ba5 Ke8 19. c4 Rc8 20. h3 Bg6 21. Bc3 f6 22. h4 Rd8 23. Re1 Bf5 24. f3 Kf7 25. g4 Bc5+ 26. Kh2 Bd3 27. b3 Bd4 28. Rd1 Bb6 29. Kg3 e5 30. c5 Bc7 31. Kf2 Ba6 32. Rxd8 Bxd8 33. g5 hxg5 34. hxg5 b6 35. Bh3 Bb7 36. gxf6 gxf6 37. b4 bxc5 38. bxc5 Be7 39. Bb4 Bf8 40. a4 Ke7 41. Bf5 Kd8 42. Ke3 Kc7 43. Bd3 Bc8 44. a5 Bh6+ 45. Ke4 Bf4 46. Bc4 Bh3 47. Be2 Kd7 48. a6 Ke7 49. Ba5 Kd7 50. Bb6 Ke8 51. Bxa7 Bc8 52. Bc4 f5+ 53. Kd3 Kd7 54. Bb6 Bh2 55. a7 Bb7 56. Bg8 Kc8 57. Be6# 1-0

[Event "Voronezh op-B 22nd"]
[Site "Voronezh"]
[Date "2018.06.20"]
[Round "9"]
[White "Voronin, Yaroslav"]
[Black "Kuzmin, Vitaly"]
[Result "1/2-1/2"]
[WhiteElo "1684"]
[BlackElo "1738"]
[PlyCount "53"]
[EventDate "2018.06.12"]
[EventType "swiss"]
[EventRounds "9"]
[EventCountry "RUS"]
[SourceTitle "CBM 185 Extra"]
[Source "ChessBase"]
[SourceDate "2018.07.29"]
[SourceVersion "1"]
[SourceVersionDate "2018.07.29"]
[SourceQuality "1"]

1. Nf3 d5 2. b3 Nf6 3. Bb2 g6 4. c4 c6 5. e3 Bg7 6. Be2 Bg4 7. 0-0 0-0 8. Nd4 Bxe2 9. Nxe2 Nbd7 10. f4 e6 11. Qc2 Rc8 12. h3 Ne4 13. Bxg7 Kxg7 14. Nbc3 Ndf6 15. Nxe4 Nxe4 16. Nc3 f5 17. d3 Nxc3 18. Qxc3+ Qf6 19. Qxf6+ Kxf6 20. d4 dxc4 21. bxc4 c5 22. Rac1 Rfd8 23. Rfd1 Rd6 24. dxc5 Rxd1+ 25. Rxd1 Rxc5 26. Rd7 Rxc4 27. Rxb7 1/2-1/2

[Event "Voronezh op-B 22nd"]
[Site "Voronezh"]
[Date "2018.06.14"]
[Round "3"]
[White "Zhapova, Yana"]
[Black "Kuzmin, Vitaly"]
[Result "1-0"]
[WhiteElo "1597"]
[BlackElo "1738"]
[PlyCount "77"]
[EventDate "2018.06.12"]
[EventType "swiss"]
[EventRounds "9"]
[EventCountry "RUS"]
[SourceTitle "CBM 185 Extra"]
[Source "ChessBase"]
[SourceDate "2018.07.29"]
[SourceVersion "1"]
[SourceVersionDate "2018.07.29"]
[SourceQuality "1"]

1. e4 c6 2. d4 d5 3. Nc3 dxe4 4. Nxe4 Bf5 5. Ng3 Bg6 6. N1e2 h6 7. Nf4 Bh7 8. Bc4 e6 9. 0-0 Nf6 10. Re1 Be7 11. Bxe6 0-0 12. Bf5 Nbd7 13. d5 cxd5 14. Nxd5 Re8 15. Nxf6+ Nxf6 16. Bxh7+ Kxh7 17. Qxd8 Raxd8 18. Be3 a6 19. c4 Bd6 20. Rad1 Bxg3 21. hxg3 Rxd1 22. Rxd1 Re7 23. Kf1 Kg6 24. b4 Ne4 25. Rd3 f5 26. a4 Rc7 27. c5 h5 28. Bf4 Re7 29. f3 Nf6 30. b5 axb5 31. axb5 Rd7 32. Ke2 Kf7 33. c6 bxc6 34. bxc6 Rxd3 35. Kxd3 Ke6 36. c7 Kd7 37. Kd4 Ne8 38. Kd5 g6 39. Be5 1-0

[Event "Voronezh op-B 21st"]
[Site "Voronezh"]
[Date "2017.06.12"]
[Round "1"]
[White "Palkovich, Denis"]
[Black "Kuzmin, Vitaly"]
[Result "1-0"]
[WhiteElo "2147"]
[BlackElo "1770"]
[PlyCount "93"]
[EventDate "2017.06.12"]
[EventType "swiss"]
[EventRounds "9"]
[EventCountry "RUS"]
[SourceTitle "CBM 179 Extra"]
[Source "ChessBase"]
[SourceDate "2017.08.23"]
[SourceVersion "1"]
[SourceVersionDate "2017.08.23"]
[SourceQuality "1"]

1. d4 d5 2. Bf4 Nf6 3. e3 Bf5 4. c4 c6 5. Nc3 e6 6. Qb3 Qb6 7. c5 Qxb3 8. axb3 Nbd7 9. b4 Be7 10. h3 0-0 11. Nf3 a6 12. Nd2 h6 13. Nb3 Bd8 14. Na5 Bxa5 15. bxa5 Ne4 16. Nxe4 Bxe4 17. f3 Bg6 18. Ra4 f6 19. Bd6 Rf7 20. Rb4 Nf8 21. Kd2 Re8 22. f4 Be4 23. Rg1 Ng6 24. g3 e5 25. Be2 exd4 26. exd4 Rd7 27. Bh5 Ra8 28. Re1 Ne7 29. Bg4 f5 30. Bh5 g6 31. Bd1 Nc8 32. Be5 Na7 33. g4 Nb5 34. Rb3 Rf8 35. Rg3 Rh7 36. Reg1 Kf7 37. gxf5 Bxf5 38. Bc2 Bxc2 39. Kxc2 Rg8 40. f5 g5 41. h4 Na7 42. hxg5 hxg5 43. Rxg5 Rxg5 44. Rxg5 Nc8 45. f6 Na7 46. Kd2 Nb5 47. Ke1 1-0

[Event "Voronezh Rating op 03-B"]
[Site "Voronezh"]
[Date "2014.03.29"]
[Round "6"]
[White "Kuzmin, Vitaly"]
[Black "Smirnov, Vyacheslav"]
[Result "1-0"]
[WhiteElo "1769"]
[BlackElo "1567"]
[PlyCount "89"]
[EventDate "2014.03.20"]
[EventType "swiss"]
[EventRounds "9"]
[EventCountry "RUS"]
[SourceTitle "EXT 2015"]
[Source "ChessBase"]
[SourceDate "2014.11.20"]
[SourceVersion "1"]
[SourceVersionDate "2014.11.20"]
[SourceQuality "1"]

1. d4 d5 2. Nf3 c6 3. Bf4 Nf6 4. h3 e6 5. e3 Bd6 6. Bxd6 Qxd6 7. a3 Nbd7 8. Be2 b5 9. 0-0 Ne4 10. a4 b4 11. a5 a6 12. Bd3 f5 13. Bxe4 fxe4 14. Nh2 0-0 15. Nd2 Ra7 16. f3 exf3 17. Rxf3 Rxf3 18. Nhxf3 Qg3 19. Nf1 Qd6 20. Qd2 e5 21. dxe5 Nxe5 22. Nd4 Nc4 23. Qc1 Re7 24. b3 Ne5 25. Qd2 c5 26. Ne2 Bxh3 27. Nf4 Be6 28. Ng3 g6 29. Ne4 Qc7 30. Nxd5 Bxd5 31. Qxd5+ Kg7 32. Nxc5 Kh6 33. Rd1 Ng4 34. Qd6 Nxe3 35. Qxc7 Rxc7 36. Nxa6 Ra7 37. Rd6 Nxc2 38. Rb6 Kg7 39. Rc6 Kh6 40. Rxc2 Rxa6 41. Rc5 Kg7 42. Kf2 Kh6 43. Ke3 Ra8 44. Kd4 g5 45. Kc4 1-0

[Event "Voronezh Rating op 01"]
[Site "Voronezh"]
[Date "2014.01.18"]
[Round "6"]
[White "Kuzmin, Vitaly"]
[Black "Malikov, Sergey Konstantinov"]
[Result "0-1"]
[WhiteElo "1793"]
[BlackElo "1821"]
[PlyCount "54"]
[EventDate "2014.01.10"]
[EventType "swiss"]
[EventRounds "9"]
[EventCountry "RUS"]
[SourceTitle "EXT 2015"]
[Source "ChessBase"]
[SourceDate "2014.11.20"]
[SourceVersion "1"]
[SourceVersionDate "2014.11.20"]
[SourceQuality "1"]

1. d4 Nf6 2. Nf3 d5 3. Bf4 c5 4. c3 Nc6 5. e3 e6 6. h3 Bd6 7. Bxd6 Qxd6 8. Nbd2 0-0 9. Be2 Re8 10. 0-0 e5 11. dxe5 Nxe5 12. Nxe5 Rxe5 13. Nc4 Qe7 14. Nxe5 Qxe5 15. Bf3 Bf5 16. Re1 b5 17. a4 b4 18. cxb4 c4 19. Qd4 Qxd4 20. exd4 Kf8 21. b5 a6 22. g4 Bd3 23. b6 a5 24. Re5 Rb8 25. g5 Ne4 26. Rxd5 Rxb6 27. Bxe4 Bxe4 0-1

[Event "Voronezh Rating op 01"]
[Site "Voronezh"]
[Date "2014.01.16"]
[Round "5"]
[White "Iljin, Yury"]
[Black "Kuzmin, Vitaly"]
[Result "0-1"]
[WhiteElo "1814"]
[BlackElo "1793"]
[PlyCount "124"]
[EventDate "2014.01.10"]
[EventType "swiss"]
[EventRounds "9"]
[EventCountry "RUS"]
[SourceTitle "EXT 2015"]
[Source "ChessBase"]
[SourceDate "2014.11.20"]
[SourceVersion "1"]
[SourceVersionDate "2014.11.20"]
[SourceQuality "1"]

1. d4 d5 2. c4 c6 3. e3 Nf6 4. Nc3 Bf5 5. Nf3 e6 6. cxd5 cxd5 7. Bb5+ Nbd7 8. Bd2 a6 9. Be2 h6 10. 0-0 Bd6 11. Rc1 0-0 12. h3 Rc8 13. Nh2 Bxh2+ 14. Kxh2 Ne4 15. Nxe4 Bxe4 16. Bb4 Re8 17. Qd2 Rxc1 18. Rxc1 Qb8+ 19. Kg1 Rc8 20. Rxc8+ Qxc8 21. Qc3 Qxc3 22. bxc3 b5 23. Ba5 Bb1 24. a3 Nb8 25. Kf1 Kf8 26. Ke1 Nc6 27. Bb6 g6 28. Kd2 Ke7 29. Kc1 Ba2 30. Kb2 Bc4 31. Bd1 h5 32. g3 f5 33. h4 Nb8 34. Bc5+ Kd7 35. a4 Kc6 36. f3 Nd7 37. Be7 Nb6 38. axb5+ Bxb5 39. Bb3 Be2 40. f4 Bc4 41. Bd8 Bxb3 42. Kxb3 Nc4 43. Kb4 Nxe3 44. Ka5 Nd1 45. Kb4 Ne3 46. Ka5 Nf1 47. Kxa6 Nxg3 48. Ka5 Ne2 49. Kb4 Nxf4 50. c4 Nd3+ 51. Kc3 dxc4 52. Kxc4 Nf2 53. Bg5 Ne4 54. Bf4 Nf2 55. Bg5 Nh3 56. Bf6 f4 57. Kd3 Kd5 58. Ke2 Ke4 59. Ke1 f3 60. Be5 Nf4 61. Bf6 Nd5 62. Be5 Ne3 0-1

[Event "Voronezh Rating op 09"]
[Site "Voronezh"]
[Date "2013.09.14"]
[Round "2"]
[White "Moiseenko, Andrey"]
[Black "Kuzmin, Vitaly"]
[Result "1-0"]
[WhiteElo "1758"]
[BlackElo "1798"]
[PlyCount "101"]
[EventDate "2013.09.13"]
[EventType "swiss"]
[EventRounds "7"]
[EventCountry "RUS"]
[SourceTitle "EXT 2015"]
[Source "ChessBase"]
[SourceDate "2014.11.20"]
[SourceVersion "1"]
[SourceVersionDate "2014.11.20"]
[SourceQuality "1"]

1. d4 d5 2. c4 c6 3. Nf3 Bf5 4. Nc3 e6 5. Bf4 Nd7 6. e3 h6 7. Bd3 Bxd3 8. Qxd3 Ngf6 9. h3 dxc4 10. Qxc4 Nb6 11. Qd3 Nbd5 12. Bg3 Bb4 13. Qc2 0-0 14. 0-0 Bd6 15. Bxd6 Qxd6 16. e4 Nxc3 17. bxc3 Qc7 18. c4 Rfd8 19. Rfd1 Rac8 20. e5 Nd7 21. Qe2 Nf8 22. Rab1 Ng6 23. g3 a6 24. a4 Ne7 25. Qb2 Rd7 26. c5 Nd5 27. Nd2 Qa5 28. Qb3 Qc3 29. Ne4 Qxb3 30. Rxb3 a5 31. Nd6 Rcc7 32. Rdb1 Nb4 33. Kg2 Kf8 34. Kf3 Rd8 35. Ke4 Rcd7 36. f4 f5+ 37. Kf3 h5 38. g4 hxg4+ 39. hxg4 g6 40. Rh1 Kg8 41. gxf5 gxf5 42. Rb2 Rg7 43. Rh6 Nd3 44. Rbh2 Kf8 45. Rxe6 Ne1+ 46. Ke2 Rg2+ 47. Rxg2 Nxg2 48. Rf6+ Kg7 49. Rxf5 Nh4 50. Rf7+ Kg8 51. Rxb7 1-0

[Event "Zagorovsky Memorial op"]
[Site "Voronezh"]
[Date "2013.06.25"]
[Round "1"]
[White "Popov, Kirill"]
[Black "Kuzmin, Vitaly"]
[Result "1-0"]
[WhiteElo "2104"]
[BlackElo "1778"]
[PlyCount "45"]
[EventDate "2013.06.25"]
[EventType "swiss"]
[EventRounds "9"]
[EventCountry "RUS"]
[SourceTitle "EXT 2014"]
[Source "ChessBase"]
[SourceDate "2013.11.20"]
[SourceVersion "1"]
[SourceVersionDate "2013.11.20"]
[SourceQuality "1"]

1. e4 c6 2. d4 d5 3. Nc3 dxe4 4. Nxe4 Bf5 5. Ng3 Bg6 6. h4 h6 7. f4 e6 8. Nf3 Nd7 9. h5 Bh7 10. Bd3 Bxd3 11. Qxd3 Ngf6 12. Bd2 Be7 13. 0-0-0 Qc7 14. Ne5 Rf8 15. f5 Nxe5 16. dxe5 Nd7 17. fxe6 Nxe5 18. Qe4 0-0-0 19. Bf4 Rxd1+ 20. Rxd1 Bg5 21. Bxg5 hxg5 22. Nf5 fxe6 23. Nd6+ 1-0

[Event "Voronezh-ch"]
[Site "Voronezh"]
[Date "2012.10.25"]
[Round "6"]
[White "Kozlov, Sergej A"]
[Black "Kuzmin, Vitaly"]
[Result "1/2-1/2"]
[WhiteElo "1874"]
[BlackElo "1734"]
[PlyCount "67"]
[EventDate "2012.10.19"]
[EventType "swiss"]
[EventRounds "9"]
[EventCountry "RUS"]
[SourceTitle "EXT 2013"]
[Source "ChessBase"]
[SourceDate "2012.11.22"]
[SourceVersion "1"]
[SourceVersionDate "2012.11.22"]
[SourceQuality "1"]

1. d4 d5 2. c4 c6 3. Nc3 Nf6 4. Nf3 dxc4 5. a4 Bf5 6. e3 e6 7. Bxc4 Nbd7 8. 0-0 a5 9. Re1 Bb4 10. Bd2 0-0 11. Nh4 Bg6 12. Nxg6 hxg6 13. e4 Nb6 14. Bb3 Qxd4 15. Qe2 Qd8 16. Bg5 Qc7 17. Bxf6 gxf6 18. Qg4 Kg7 19. Re3 Rh8 20. h4 f5 21. exf5 exf5 22. Qd4+ f6 23. Re6 Rhf8 24. Ne2 Rad8 25. Qe3 Rd7 26. Re8 Bd2 27. Qe6 Rxe8 28. Qxe8 Qd8 29. Qxd8 Rxd8 30. Rd1 Rd7 31. Ng3 Bf4 32. Rb1 Bxg3 33. fxg3 Nd5 34. Re1 1/2-1/2

[Event "Voronezh op 06"]
[Site "Voronezh"]
[Date "2012.07.04"]
[Round "8"]
[White "Belov, Yury"]
[Black "Kuzmin, Vitaly"]
[Result "1-0"]
[WhiteElo "1783"]
[BlackElo "1751"]
[PlyCount "101"]
[EventDate "2012.06.26"]
[EventType "swiss"]
[EventRounds "9"]
[EventCountry "RUS"]
[SourceTitle "EXT 2013"]
[Source "ChessBase"]
[SourceDate "2012.11.22"]
[SourceVersion "1"]
[SourceVersionDate "2012.11.22"]
[SourceQuality "1"]

1. d4 d5 2. Nf3 Nf6 3. Bg5 h6 4. Bf4 Bf5 5. h3 e6 6. a3 Bd6 7. Ne5 0-0 8. f3 Bh7 9. g4 Nfd7 10. h4 f6 11. Nd3 Bxd3 12. Bxd6 Bxc2 13. Qxc2 cxd6 14. e3 Nc6 15. Nc3 Qa5 16. Rc1 a6 17. Be2 Rac8 18. g5 h5 19. Qg6 Ne7 20. Qxh5 g6 21. Qg4 f5 22. Qh3 Kg7 23. f4 Rh8 24. Qg2 b5 25. Rh2 Rh7 26. h5 Nb6 27. h6+ Kf7 28. Bd3 Na4 29. Qd2 Nxc3 30. Rxc3 Rxc3 31. Qxc3 Qxc3+ 32. bxc3 Rh8 33. Kd2 Kg8 34. Kc2 Kh7 35. Rh1 Nc6 36. Rb1 e5 37. a4 exf4 38. exf4 Rc8 39. Kd2 b4 40. Bxa6 bxc3+ 41. Kxc3 Re8 42. Bd3 Ra8 43. Bb5 Rb8 44. Re1 Na5 45. Re7+ Kg8 46. Rg7+ Kh8 47. Rxg6 Nc4 48. Bxc4 dxc4 49. Rxd6 Ra8 50. g6 Kg8 51. Rf6 1-0

[Event "Voronezh op 06"]
[Site "Voronezh"]
[Date "2012.07.01"]
[Round "6"]
[White "Kuzmin, Vitaly"]
[Black "Klimentov, Evgeny"]
[Result "0-1"]
[WhiteElo "1751"]
[BlackElo "1818"]
[PlyCount "76"]
[EventDate "2012.06.26"]
[EventType "swiss"]
[EventRounds "9"]
[EventCountry "RUS"]
[SourceTitle "EXT 2013"]
[Source "ChessBase"]
[SourceDate "2012.11.22"]
[SourceVersion "1"]
[SourceVersionDate "2012.11.22"]
[SourceQuality "1"]

1. d4 Nf6 2. Nf3 g6 3. g3 Bg7 4. Bg2 0-0 5. 0-0 d6 6. c4 Nc6 7. Nc3 a6 8. Ne1 Rb8 9. f4 Na5 10. b3 b5 11. cxb5 axb5 12. Bb2 Bb7 13. Bxb7 Rxb7 14. e4 b4 15. Nd5 Nxe4 16. Nd3 Nc6 17. Qe2 f5 18. Qe3 e6 19. Rfc1 Qd7 20. Rxc6 exd5 21. Rc2 Re8 22. Qf3 Qb5 23. Nf2 c5 24. dxc5 Bxb2 25. Rxb2 dxc5 26. Qd3 c4 27. bxc4 dxc4 28. Qc2 c3 29. Rb3 Nd2 30. Rab1 Nxb1 31. Rxb1 Re2 32. Qb3+ Kg7 33. a3 Qc5 34. Rf1 c2 35. axb4 Qxf2+ 36. Rxf2 c1Q+ 37. Kg2 Rxf2+ 38. Kxf2 Rd7 0-1

[Event "Voronezh op 06"]
[Site "Voronezh"]
[Date "2012.06.26"]
[Round "1"]
[White "Kuzmin, Vitaly"]
[Black "Popov, Kirill"]
[Result "0-1"]
[WhiteElo "1751"]
[BlackElo "1983"]
[PlyCount "55"]
[EventDate "2012.06.26"]
[EventType "swiss"]
[EventRounds "9"]
[EventCountry "RUS"]
[SourceTitle "EXT 2013"]
[Source "ChessBase"]
[SourceDate "2012.11.22"]
[SourceVersion "1"]
[SourceVersionDate "2012.11.22"]
[SourceQuality "1"]

1. d4 e6 2. Nf3 Nf6 3. Bf4 c5 4. c3 cxd4 5. cxd4 d5 6. a3 Nc6 7. e3 Be7 8. h3 0-0 9. Nbd2 Ne4 10. Nxe4 dxe4 11. Nd2 f5 12. Bc4 Kh8 13. 0-0 Bf6 14. f3 Bxd4 15. fxe4 e5 16. exd4 Qxd4+ 17. Kh1 exf4 18. Bd5 fxe4 19. Nxe4 Qxb2 20. Nd6 Qf6 21. Ba2 Ne5 22. Qd5 f3 23. Rxf3 Nxf3 24. Rf1 Be6 25. Qxe6 Qxe6 26. Bxe6 Ng5 27. Rxf8+ Rxf8 28. Bc4 0-1

[Event "Borisoglebsk Bocharov Memorial"]
[Site "Borisoglebsk"]
[Date "2012.04.01"]
[Round "9"]
[White "Kuzmin, Vitaly"]
[Black "Vechkanov, Valery"]
[Result "0-1"]
[WhiteElo "1797"]
[BlackElo "1908"]
[PlyCount "157"]
[EventDate "2012.03.29"]
[EventType "swiss"]
[EventRounds "9"]
[EventCountry "RUS"]
[SourceTitle "EXT 2013"]
[Source "ChessBase"]
[SourceDate "2012.11.22"]
[SourceVersion "1"]
[SourceVersionDate "2012.11.22"]
[SourceQuality "1"]

1. Nf3 Nf6 2. g3 g6 3. Bg2 Bg7 4. 0-0 0-0 5. d3 d6 6. e4 Nc6 7. Nbd2 Bd7 8. h3 Qc8 9. Kh2 e5 10. Re1 Nh5 11. Nf1 Qe8 12. Ne3 Rc8 13. Nd5 Ne7 14. Nxe7+ Qxe7 15. Bg5 Qe8 16. Qd2 f6 17. Bh6 g5 18. Bxg7 Kxg7 19. Ng1 Kh8 20. Ne2 Rg8 21. Nc3 c6 22. a4 Qe6 23. Qe3 a6 24. a5 Rg7 25. Qe2 Nf4 26. gxf4 gxf4 27. Qf3 Rcg8 28. Rg1 Qf7 29. Bh1 Rg5 30. Rxg5 fxg5 31. Rg1 h5 32. d4 g4 33. Qd3 f3 34. Qd2 Qf6 35. dxe5 Qxe5+ 36. Rg3 Rg6 37. h4 Qf6 38. Kg1 Kh7 39. e5 Qxe5 40. Bxf3 gxf3 41. Rxg6 Kxg6 42. Qd3+ Bf5 43. Qxf3 Bxc2 44. Qf8 Qf6 45. Qe8+ Qf7 46. Qd8 Qf6 47. Qe8+ Kh6 48. Qe3+ Kg7 49. Qd2 Qg6+ 50. Kh2 d5 51. Ne2 Be4 52. Ng3 Qg4 53. Qd4+ Kg6 54. Qh8 Qxh4+ 55. Kg1 Qg4 56. Qe8+ Kg7 57. Qe7+ Kh6 58. Qf6+ Qg6 59. Qh8+ Kg5 60. Nxe4+ dxe4 61. Qe5+ Kh6+ 62. Kf1 h4 63. Qh8+ Kg5 64. Qd8+ Qf6 65. Qg8+ Kh6 66. Qg4 e3 67. f4 e2+ 68. Ke1 c5 69. Qxe2 Qxf4 70. Qe6+ Kg5 71. Qe7+ Kg4 72. Qxc5 h3 73. Qc8+ Kg3 74. Qxb7 Qf2+ 75. Kd1 Qg1+ 76. Kc2 Qg2+ 77. Qxg2+ hxg2 78. b4 g1Q 79. Kc3 0-1

[Event "Borisoglebsk Bocharov Memorial"]
[Site "Borisoglebsk"]
[Date "2012.03.31"]
[Round "6"]
[White "Kostin, Yury"]
[Black "Kuzmin, Vitaly"]
[Result "1-0"]
[WhiteElo "1675"]
[BlackElo "1797"]
[PlyCount "32"]
[EventDate "2012.03.29"]
[EventType "swiss"]
[EventRounds "9"]
[EventCountry "RUS"]
[SourceTitle "EXT 2013"]
[Source "ChessBase"]
[SourceDate "2012.11.22"]
[SourceVersion "1"]
[SourceVersionDate "2012.11.22"]
[SourceQuality "1"]

1. e4 c6 2. Nc3 d5 3. Nf3 g6 4. exd5 cxd5 5. d4 Bg7 6. Ne5 Nf6 7. Bb5+ Bd7 8. Qd3 a6 9. Ba4 0-0 10. 0-0 Bxa4 11. Nxa4 Nbd7 12. Be3 Nxe5 13. dxe5 Nd7 14. Qxd5 Nxe5 15. Qxb7 Nc4 16. Rad1 Qe8 1-0

[Event "Borisoglebsk Bocharov Memorial"]
[Site "Borisoglebsk"]
[Date "2012.03.31"]
[Round "7"]
[White "Kuzmin, Vitaly"]
[Black "Titov, Oleg"]
[Result "1/2-1/2"]
[WhiteElo "1797"]
[BlackElo "1810"]
[PlyCount "29"]
[EventDate "2012.03.29"]
[EventType "swiss"]
[EventRounds "9"]
[EventCountry "RUS"]
[SourceTitle "EXT 2013"]
[Source "ChessBase"]
[SourceDate "2012.11.22"]
[SourceVersion "1"]
[SourceVersionDate "2012.11.22"]
[SourceQuality "1"]

1. d4 Nf6 2. Nf3 e6 3. Bf4 d5 4. h3 Nbd7 5. e3 h6 6. a3 Ne4 7. c4 c6 8. cxd5 cxd5 9. Nbd2 Ndf6 10. Bd3 Bd6 11. Bxd6 Qxd6 12. 0-0 0-0 13. Qe2 Re8 14. Bxe4 dxe4 15. Ne5 1/2-1/2

[Event "Borisoglebsk Bocharov Memorial"]
[Site "Borisoglebsk"]
[Date "2012.03.29"]
[Round "1"]
[White "Kuzmin, Vitaly"]
[Black "Surov, Sergey"]
[Result "0-1"]
[WhiteElo "1797"]
[BlackElo "2287"]
[PlyCount "96"]
[EventDate "2012.03.29"]
[EventType "swiss"]
[EventRounds "9"]
[EventCountry "RUS"]
[SourceTitle "EXT 2013"]
[Source "ChessBase"]
[SourceDate "2012.11.22"]
[SourceVersion "1"]
[SourceVersionDate "2012.11.22"]
[SourceQuality "1"]

1. d4 d5 2. Nf3 c5 3. c3 Nf6 4. Bf4 e6 5. e3 Bd6 6. Bxd6 Qxd6 7. Nbd2 Nc6 8. Be2 0-0 9. 0-0 e5 10. dxe5 Nxe5 11. Nxe5 Qxe5 12. Nf3 Qc7 13. c4 dxc4 14. Bxc4 Bg4 15. Be2 Rfd8 16. Qc2 Qa5 17. a3 Rac8 18. Rfd1 h6 19. Rxd8+ Rxd8 20. Rd1 Rxd1+ 21. Qxd1 Qc7 22. h3 Be6 23. Qc2 Qd6 24. Qd2 Qxd2 25. Nxd2 Kf8 26. Kf1 a6 27. Bc4 Bxc4+ 28. Nxc4 b5 29. Ne5 Ke7 30. Ke2 Ke6 31. Nd3 Kd6 32. f3 c4 33. Nb4 a5 34. Nc2 Kc5 35. Kd2 b4 36. axb4+ axb4 37. Nd4 g6 38. Ne2 Nd5 39. e4 Nb6 40. Kc2 b3+ 41. Kc1 Na4 42. f4 Kb4 43. g4 c3 44. Nxc3 Nxc3 45. bxc3+ Kxc3 46. h4 Kd4 47. e5 Ke4 48. h5 gxh5 0-1

[Event "Anna Alekhine Cup"]
[Site "Anna"]
[Date "2012.02.20"]
[Round "8"]
[White "Kostin, Yury"]
[Black "Kuzmin, Vitaly"]
[Result "0-1"]
[WhiteElo "1696"]
[BlackElo "1796"]
[PlyCount "64"]
[EventDate "2012.02.17"]
[EventType "swiss"]
[EventRounds "9"]
[EventCountry "RUS"]
[SourceTitle "EXT 2013"]
[Source "ChessBase"]
[SourceDate "2012.11.22"]
[SourceVersion "1"]
[SourceVersionDate "2012.11.22"]
[SourceQuality "1"]

1. e4 c6 2. Nc3 d5 3. Nf3 Bg4 4. exd5 cxd5 5. d4 a6 6. Be2 e6 7. a3 Nf6 8. h3 Bxf3 9. Bxf3 h6 10. 0-0 Bd6 11. Re1 0-0 12. b3 b5 13. Bb2 Nc6 14. Ne2 Rc8 15. Nc1 Nh7 16. Nd3 Ng5 17. Rc1 Bb8 18. Nc5 Qd6 19. Nxa6 Qh2+ 20. Kf1 Ba7 21. Nc5 Nxf3 22. Qxf3 Nxd4 23. Bxd4 Bxc5 24. Bxc5 Rxc5 25. g3 Qxh3+ 26. Ke2 Qf5 27. Qxf5 exf5 28. Kd2 g6 29. Re7 Ra8 30. Rb7 Rxa3 31. b4 Rc4 32. Rxb5 d4 0-1

[Event "Anna Alekhine Cup"]
[Site "Anna"]
[Date "2012.02.17"]
[Round "1"]
[White "Chuprikov, Dmitry"]
[Black "Kuzmin, Vitaly"]
[Result "1-0"]
[WhiteElo "2394"]
[BlackElo "1796"]
[PlyCount "75"]
[EventDate "2012.02.17"]
[EventType "swiss"]
[EventRounds "9"]
[EventCountry "RUS"]
[SourceTitle "EXT 2013"]
[Source "ChessBase"]
[SourceDate "2012.11.22"]
[SourceVersion "1"]
[SourceVersionDate "2012.11.22"]
[SourceQuality "1"]

1. d4 d5 2. c4 c6 3. Nf3 Nf6 4. e3 Bf5 5. Nc3 e6 6. Nh4 Bg6 7. Nxg6 hxg6 8. g3 Bd6 9. Bg2 dxc4 10. Qe2 Nbd7 11. Qxc4 Nb6 12. Qb3 Rb8 13. 0-0 0-0 14. Rd1 Nbd5 15. e4 Nxc3 16. bxc3 Bc7 17. e5 Nd5 18. a4 a5 19. Ba3 Re8 20. c4 Nb6 21. f4 g5 22. d5 exd5 23. cxd5 Nxd5 24. Bxd5 cxd5 25. Rxd5 Qc8 26. Rc1 gxf4 27. Rdc5 fxg3 28. hxg3 Re7 29. e6 fxe6 30. Rh5 Rf7 31. Qd3 Rf5 32. Rxf5 exf5 33. Qd5+ Kh7 34. Kg2 Kg6 35. Bd6 Qe8 36. Rxc7 Qe2+ 37. Kg1 Re8 38. Qf7+ 1-0